Statistics for Atlantis - Seafret - All Lyrics

Click here to take the quiz!

General Stats

  • This quiz has been taken 44 times
  • The average score is 207 of 298

Answer Stats

Answer% Correct
I
97%
can
93%
my
93%
Atlantis,
90%
can't
87%
it
87%
no,
87%
no
87%
oh,
87%
Oh,
87%
We
87%
we
87%
and
83%
And
83%
in
83%
"In
83%
save
83%
us,
83%
head
80%
head,
80%
heart
80%
me
80%
the
80%
The
80%
to
80%
fall
77%
feel
77%
this
73%
down
70%
on
70%
said,
70%
said
70%
birds
67%
has
67%
have
67%
left
67%
build
63%
built
63%
She
63%
tell
63%
trees
63%
why
63%
You
63%
you,
63%
you
63%
'Cause
60%
end"
60%
go
60%
ground
60%
So
60%
All
57%
all
57%
coming
57%
shaky
57%
take
57%
things
57%
pull
53%
back
50%
light
50%
that
50%
there
50%
town
50%
your
50%
above,
47%
high
47%
Is
47%
lying
47%
never
47%
onto
47%
own
47%
up
47%
words
47%
for
43%
I’ll
43%
love
43%
their
43%
exchange
40%
got
40%
I'm
40%
way
40%
any
37%
get
37%
here
37%
It’s
37%
It's
37%
Now
37%
those
37%
too
37%
wonder
37%
become
33%
ever
33%
hard
33%
much
33%
not
33%
pours
33%
could
30%
If
30%
I've
30%
known
30%
leaves
30%
Losing
30%
Maybe
30%
scared
30%
everything
27%
fled
27%
hurt
27%
just
27%
knew
27%
reach
27%
would
27%
broke?
20%

Score Distribution

Percentile by Number Answered

Percent of People with Each Score

Your Score History

You have not taken this quiz